Educar el autoconcepto en el aula

Gespeichert in:
Bibliographische Detailangaben
1. Verfasser: Ontoria Peña, Antonio (autor)
Format: Buch
Sprache:Spanisch
Veröffentlicht: Córdoba Universidad de Córdoba 1990
Schriftenreihe:Textos e Instrumentos, 30
Schlagworte:
Tags: Tag hinzufügen
Keine Tags, Fügen Sie den ersten Tag hinzu!

MARC

LEADER 00000nam a2200000 a 4500
001 UCR6133
003 CL-VaPUC
008 980420e19900000SP |||||||||||||||||spa|d
082 0 4 |a 155.4  |b ONT  |2 21 
100 |a Ontoria Peña, Antonio  |e autor  |9 381454 
245 1 0 |a Educar el autoconcepto en el aula 
300 |a 155 p 
942 |c BK 
945 |d 19980420 00:00:00  |a rbrito 
260 |a Córdoba  |b Universidad de Córdoba  |c 1990 
650 0 |a Autoconcepto   |9 390612 
650 0 |a Educación  |9 258661 
650 0 |a Aprendizaje   |9 254827 
650 7 |a CONOCIMIENTO  |2 CL-VaPUC  |9 308991 
650 0 |a Psicología del aprendizaje  |9 306854 
583 |a last modification  |c 19980420 00:00:00  |k Rodrigo Vera 
490 0 |a Textos e Instrumentos, 30 
999 |c 268439  |d 268437 
952 |0 0  |1 0  |4 0  |6 155_400000000000000_ONT_1990  |7 0  |8 A  |9 301586  |a BIBEDU  |b BIBEDU  |d 2019-11-20  |i 3404927  |o 155.4 ONT 1990  |p 3404927  |r 2019-11-20  |w 2019-11-20  |y BK  |k EDU